00330cam a22000977a 4500008004000000082001600040245007100056260005000127300000900177700004600186180718b1943 xxu||||| |||| 00| 0 eng d aQ5x42 Un3 a aBeveridge report in briefcby Social Insurance and Allied Services aLondonbHer Majesty's Stationery Officec1943 a63p. aU.K. Social Insurance and Allied Services